| 000 | 01199 a2200361 4500 | ||
|---|---|---|---|
| 999 |
_c60550 _d15517 |
||
| 001 | 60550 | ||
| 003 | TR-AnTOB | ||
| 005 | 20211124083800.0 | ||
| 008 | 070417s2006 tu 00000 tur | ||
| 020 | _a97539550 | ||
| 040 |
_aTR-AnTOB _cTR-AnTOB _beng |
||
| 041 | _atur | ||
| 050 | 0 |
_aHC79.I55 _bB55 2006 |
|
| 090 | _aHC79.I55 B55 2006 | ||
| 245 | 0 |
_aBilgi toplumu stratejisi (2006-2010) / _cDevlet Planlama Teşkilatı. |
|
| 264 | 1 |
_aAnkara : _bDPT, _c2006. |
|
| 300 |
_av, 58 p. ; _c30 cm.+ _e1 CD-ROM. |
||
| 336 |
_2rdacontent _atext _btxt |
||
| 337 |
_2rdamedia _aunmediated _bn |
||
| 338 |
_2rdacarrier _avolume _bnc |
||
| 490 | 0 |
_aT.C. Başbakanlık Devlet Planlama Teşkilatı ; _vDPT:2699 |
|
| 650 | 0 |
_aInformation technology _xSocial aspects _92188 |
|
| 650 |
_aInformation technology _xEconomic aspects _zIreland _922977 |
||
| 650 | 7 |
_aBilişim teknolojisi _xSosyal yönleri _2etuturkob _97959 |
|
| 650 | 7 |
_aBilgi teknolojisi _xEkonomik yönleri _2etuturkob _994227 |
|
| 650 |
_aBilgi toplumu _9125975 |
||
| 650 |
_aInformation society _92187 |
||
| 710 | 2 | 2 |
_aDevlet Planlama Teşkilatı (Turkey) _9131299 |
| 901 | _a0018525, 0024044 | ||
| 902 | _abs | ||
| 942 |
_cBK _2lcc |
||